Współczesne państwa kontrolowane przez Imperium Rosyjskie - Statystyki

Ogólne statystyki
  • Ten quiz został rozwiązany 6 303 razy
  • Średni wynik to 28 z 32
Odpowiedzi na mapie
Odpowiedzi zakodowano w zielono-czerwonej skali na mapie do tego quizu, zgodnie z poniższymi procentami.
 
Statystyki odpowiedzi
Państwo % Poprawnych
Polska
99%
Rosja
99%
Ukraina
99%
Białoruś
98%
Estonia
98%
Finlandia
98%
Litwa
98%
Łotwa
98%
Kazachstan
97%
Rumunia
95%
Bułgaria
94%
Chiny
94%
Mołdawia
94%
Gruzja
93%
Turcja
93%
Francja
92%
Armenia
90%
Iran
90%
Azerbejdżan
89%
Korea Północna
89%
Uzbekistan
89%
Stany Zjednoczone
87%
Tadżykistan
87%
Grecja
86%
Kirgistan
86%
Turkmenistan
86%
Niemcy
84%
Szwecja
71%
Czarnogóra
69%
Liban
67%
Dżibuti
51%
Norwegia
37%
Nie znaleziono quizów pasujących do podanych kryteriów
Rozkład punktacji
Procent ludzi z każdym wynikiem
Percentyl według liczby udzielonych odpowiedzi
Twoja historia wyników
Nie rozwiązałeś tego quizu